• 首页
  • 本馆介绍
  • 公告通知
  • 最新文献
  • 馆藏检索
  • 电子资源
  • 读者导购
  • 参考咨询
  • 我的图书馆
  • 登录
  • 详细信息显示
  • 放入我的书架
  • 预约/预借图书
  • 作者相关作品
  • 分类相关作品
  • 丛书相关作品
  • 出版社相关作品

书目信息

  • 表格格式
  • 工作单格式
  • 卡片格式
题名:
手风琴曲选
    
 
作者: 人民音乐出版社
分册: 第八集  
出版信息: 北京   人民音乐出版社  1988
页数: 80页
开本: 26cm
丛书名:
单 册:
中图分类: J657.43
科图分类:
主题词: 外国音乐--作品 , 音乐--各国--作品
电子资源:
ISBN: 7-103-00106-5
000 00582nam0 2200205 45
001 0312221749
005 20040510170355.3
010    @a7-103-00106-5@dCNY2.00
100    @a20031222d1988 km y0chiy0120 ea
101    @achi
105    @a z 000yy
200 1  @a手风琴曲选@h第八集@AShou Feng Qin Qu Xuan@f人民音乐出版社@FRen Min Yin Yue Chu Ban She
210    @a北京@c人民音乐出版社@d1988
215    @a80页@d26cm
606 0  @a外国音乐@x作品
606 0  @a音乐@y各国@x作品
690    @aJ657.43@v3
701 0  @a人民音乐出版社
801    @aCN@bTSTCL@c20031222
905    @dJ657.43@e148:8
    
    手风琴曲选.第八集/人民音乐出版社.-北京:人民音乐出版社,1988
    80页;26cm
    
    
    ISBN 7-103-00106-5:CNY2.00
    
●
相关链接 在E读中查询图书 在五车中查询图书 在当当中查询图书 在豆瓣中查询图书


正题名:手风琴曲选     索取号:J657.43/148:8         预约/预借

序号 登录号 条形码 馆藏地/架位号 状态 备注
1 0219445   001225105   第一借阅区/ [索取号:J657.43/148:8] 在馆    
2 0219446   001225141   第一样本阅览室/ [索取号:J657.43/148:8] 在馆    
唐山师范学院图书馆 欢迎您!
大连网信软件有限公司© 版权所有